000 01736nam0a2200337 i 4500
001 RU\NLR\bibl\2081412
005 20260409073356.0
021 _aRU
_b2013-71107
_94867
035 _a(nilc)RuMoRGB-006641929
035 _a(NLR Aleph) 002072790
090 _a4773168
_c4773168
100 _a20131026d2011 u y0rusy50 ca
101 0 _arus
102 _aRU
105 _ay zzzz|||||
200 1 _aИнституциональные эффекты развития информационной экономики
_fТ. Б. Ершова, О. А. Рыцев
_gФедеральное агентство по техническому регулированию и метрологии, Федеральное гос. унитарное предприятие "Российский науч.-технический центр информ. по стандартизации, метрологии и оценке соответствия"
210 _aМосква
_cМосковский печатник
_d2011
215 _a27 с.
_cтабл.
_d21
320 _aБиблиогр.: с. 24-25
606 _aИнформационная экономика
_3RU\NLR\AUTH\661261337
_92085223
686 1 _aУ39(0)
700 1 _4070
_8rus
_7ca
_aЕршова
_bТ. Б.
_cд-р экон. наук, управление народным хозяйством
_gТатьяна Борисовна
_3RU\NLR\AUTH\7792752
_975678
701 1 _aРыцев
_bО. А.
_gОлег Александрович
_4070
801 0 _aRU
_bRuMoRKP
_c20130909
_gRCR
801 2 _aRU
_bРГБ
_c20130920
_grcr
801 1 _aRU
_bRuMoRKP
_c20130909
_2rusmarc
801 2 _aRU
_bNLR
_c20131011
_grcr
942 _cBOOK
980 _aNBR